000 00737cam a2200241 4500
001 J106126
008 000000n1998 000 0 eng u
035 _a(Sirsi) u106126
050 _a651.99
100 _aWarburton, Martin
245 _aIntroducing an electronic document management system
260 _aLondon
_bCIRIA
_c1998
300 _a16p. ; 30cm.
350 _a10.00
490 _aCIRIA Project Report
_v52
650 _aCOST BENEFIT ANALYSIS
650 _aCONSTRUCTION PROJECTS
650 _aMANAGEMENT-PROJECT MANAGEMENT
650 _aCOMMUNICATION
690 _aMANAGEMENT-BUSINESS MANAGEMENT-INFORMATION MANAGEMENT
710 _aConstruction Industry Research and Information Association
_94810
942 _n0
999 _c100523
_d100523